[Event "NOR-chT Club"]
[Site "Drammen"]
[Date "2019.06.01"]
[Round "3.4"]
[White "Kolas, Tore"]
[Black "Elseth, Roar"]
[Result "1-0"]
[WhiteElo "2120"]
[BlackElo "2288"]
[PlyCount "79"]
[EventDate "2019.05.30"]
[EventType "team-swiss"]
[EventRounds "6"]
[EventCountry "NOR"]
[SourceTitle "CBM 190 Extra"]
[Source "ChessBase"]
[SourceDate "2019.07.15"]
[SourceVersion "1"]
[SourceVersionDate "2019.07.15"]
[SourceQuality "1"]
[WhiteTeam "Trondheim"]
[BlackTeam "OSS II"]
[WhiteTeamCountry "NOR"]
[BlackTeamCountry "NOR"]

1. c4 e6 2. Nc3 d5 3. d4 Nf6 4. cxd5 Nxd5 5. e4 Nxc3 6. bxc3 c5 7. Nf3 cxd4 8. cxd4 Bb4+ 9. Bd2 Bxd2+ 10. Qxd2 0-0 11. Bc4 Nd7 12. 0-0 b6 13. Rfe1 Bb7 14. Rad1 Rc8 15. Bb3 Qf6 16. h3 Rfd8 17. Qe3 Qe7 18. Qf4 Nf6 19. Ne5 Rc3 20. Nc4 b5 21. Na5 Ba8 22. d5 e5 23. Qd2 Qc7 24. Rc1 Nxe4 25. Qb2 Rxc1 26. Qxc1 Nc3 27. Nc6 b4 28. Qg5 Bxc6 29. dxc6 e4 30. Qc5 a5 31. a3 Rb8 32. axb4 axb4 33. Ra1 Nb5 34. Bc4 Na3 35. Bd5 Re8 36. Re1 Qc8 37. Rxe4 Rxe4 38. Bxe4 Qc7 39. Bd5 g6 40. g3 1-0

[Event "NOR-chT 1819"]
[Site "Norway"]
[Date "2019.03.09"]
[Round "8.1"]
[White "Elseth, Roar"]
[Black "Gudbrandsen, Gustav"]
[Result "1/2-1/2"]
[WhiteElo "2279"]
[BlackElo "2265"]
[PlyCount "69"]
[EventDate "2018.11.02"]
[EventType "team-tourn"]
[EventRounds "9"]
[EventCountry "NOR"]
[SourceTitle "CBM 189 Extra"]
[Source "ChessBase"]
[SourceDate "2019.06.03"]
[SourceVersion "1"]
[SourceVersionDate "2019.06.03"]
[SourceQuality "1"]
[WhiteTeam "OSS"]
[BlackTeam "Akademisk"]
[WhiteTeamCountry "NOR"]
[BlackTeamCountry "NOR"]

1. c4 Nf6 2. Nc3 Nc6 3. g3 e5 4. Bg2 d6 5. d3 Be7 6. Rb1 0-0 7. b4 a6 8. a3 Be6 9. Nd5 Bxd5 10. cxd5 Na7 11. e3 c6 12. dxc6 bxc6 13. Ne2 a5 14. 0-0 axb4 15. axb4 Qb6 16. Nc3 Nb5 17. Bb2 Na3 18. Bxa3 Rxa3 19. Qc1 Ra7 20. b5 cxb5 21. Nxb5 Rd7 22. Nd4 Qa6 23. Nc6 Qxd3 24. Rd1 Qf5 25. Nxe7+ Rxe7 26. Rxd6 Ne4 27. Bxe4 Qxe4 28. Qd1 h5 29. Rd8 Ree8 30. Rbb8 Rxd8 31. Rxd8 Rxd8 32. Qxd8+ Kh7 33. Qg5 g6 34. Qf6 Kg8 35. h4 1/2-1/2

[Event "EU-ch Seniors 50 18th"]
[Site "Drammen"]
[Date "2018.08.11"]
[Round "8"]
[White "Elseth, Roar"]
[Black "Ali, Karim"]
[Result "1-0"]
[WhiteElo "2311"]
[BlackElo "1819"]
[PlyCount "41"]
[EventDate "2018.08.04"]
[EventType "swiss"]
[EventRounds "9"]
[EventCountry "NOR"]
[SourceTitle "CBM 185 Extra"]
[Source "ChessBase"]
[SourceDate "2018.07.29"]
[SourceVersion "1"]
[SourceVersionDate "2018.07.29"]
[SourceQuality "1"]

1. e4 a6 2. d4 b5 3. Bd3 Bb7 4. Nf3 e6 5. a4 c5 6. dxc5 Bxc5 7. 0-0 Ne7 8. axb5 axb5 9. Rxa8 Bxa8 10. Qe2 b4 11. Ng5 Ng6 12. Qh5 Qa5 13. Kh1 Be7 14. Nxe6 Qa7 15. Nxg7+ Kd8 16. Be3 Qc7 17. Nd2 Rg8 18. Nc4 Kc8 19. Nb6+ Kb7 20. Qa5 Kc6 21. Qd5# 1-0

[Event "EU-ch Seniors 50 18th"]
[Site "Drammen"]
[Date "2018.08.08"]
[Round "5"]
[White "Gayson, Peter"]
[Black "Elseth, Roar"]
[Result "1-0"]
[WhiteElo "2150"]
[BlackElo "2311"]
[PlyCount "131"]
[EventDate "2018.08.04"]
[EventType "swiss"]
[EventRounds "9"]
[EventCountry "NOR"]
[SourceTitle "CBM 185 Extra"]
[Source "ChessBase"]
[SourceDate "2018.07.29"]
[SourceVersion "1"]
[SourceVersionDate "2018.07.29"]
[SourceQuality "1"]

1. e4 c5 2. Nf3 Nc6 3. d4 cxd4 4. Nxd4 Nf6 5. Nc3 d6 6. f4 g6 7. Be2 Bg7 8. Be3 0-0 9. 0-0 Bd7 10. Kh1 a6 11. Qd2 b5 12. Bf3 Rc8 13. a3 Na5 14. b3 Nc6 15. Rad1 Qc7 16. Nde2 Nb8 17. Bd4 Bc6 18. e5 Ne8 19. Qe3 Bxf3 20. Rxf3 Nc6 21. Nd5 Qb7 22. Ba1 dxe5 23. fxe5 Nd8 24. Nb6 Ne6 25. Nxc8 Qxc8 26. Qc3 Qb8 27. Rfd3 Nd6 28. Ng3 Qa8 29. Qe1 Nf5 30. Nxf5 gxf5 31. Qf2 f4 32. Qf3 Qc8 33. R3d2 Qc5 34. b4 Qc7 35. Qe4 Rc8 36. h3 Qc4 37. Qxc4 Rxc4 38. Kg1 Re4 39. Kf2 Rc4 40. h4 h5 41. Kf3 Kh7 42. Re1 Kg6 43. Re4 Rc7 44. c4 bxc4 45. Rc2 Rd7 46. Ke2 Kf5 47. Rexc4 Bxe5 48. Bxe5 Kxe5 49. Rd2 Nd4+ 50. Kf2 Ke4 51. Rc6 Ra7 52. Rh6 a5 53. b5 e5 54. a4 f5 55. Ra6 Rg7 56. Rxa5 Nb3 57. Re2+ Kd3 58. Ra6 e4 59. Rd6+ Nd4 60. b6 e3+ 61. Kf1 Ke4 62. Rxd4+ Kxd4 63. Rb2 Kd3 64. b7 e2+ 65. Ke1 f3 66. Rb3+ 1-0

[Event "Ski Follosjakken Grand Prix 1"]
[Site "Ski"]
[Date "2018.03.24"]
[Round "6"]
[White "Elseth, Roar"]
[Black "Kvisla, Johannes Luangtep"]
[Result "1/2-1/2"]
[WhiteElo "2213"]
[BlackElo "2230"]
[PlyCount "61"]
[EventDate "2018.03.24"]
[EventType "swiss (rapid)"]
[EventRounds "6"]
[EventCountry "NOR"]
[SourceTitle "EXT 2024"]
[Source "ChessBase"]
[SourceDate "2023.10.10"]
[SourceVersion "1"]
[SourceVersionDate "2023.10.10"]
[SourceQuality "1"]

1. Nf3 f5 2. e4 fxe4 3. Ng5 Nf6 4. d3 e5 5. Nc3 Bb4 6. Ngxe4 d5 7. Nxf6+ Qxf6 8. Qh5+ g6 9. Qe2 0-0 10. Bd2 Bxc3 11. bxc3 Nc6 12. h4 h5 13. Bg5 Qf5 14. g3 Qf7 15. Bg2 Bg4 16. Qd2 Bf3 17. Bxf3 Qxf3 18. 0-0 e4 19. Rae1 Qf5 20. Bf4 Rf7 21. dxe4 dxe4 22. Rb1 b6 23. Qe2 Re8 24. Rb5 Qe6 25. Rg5 Kh7 26. a4 Ree7 27. Re1 Rf5 28. Rxf5 Qxf5 29. Qc4 Ne5 30. Bxe5 Qxe5 31. Qc6 1/2-1/2

[Event "NOR-ch blitz"]
[Site "Drammen"]
[Date "2018.01.05"]
[Round "4"]
[White "Fossum, Oystein Boyum"]
[Black "Elseth, Roar"]
[Result "1/2-1/2"]
[WhiteElo "2248"]
[BlackElo "2325"]
[PlyCount "64"]
[EventDate "2018.01.05"]
[EventType "swiss (blitz)"]
[EventRounds "9"]
[EventCountry "NOR"]
[SourceTitle "CBM 182 Extra"]
[Source "ChessBase"]
[SourceDate "2018.02.23"]
[SourceVersion "1"]
[SourceVersionDate "2018.02.23"]
[SourceQuality "1"]

1. Nf3 d5 2. g3 Nf6 3. Bg2 c5 4. 0-0 Nc6 5. c4 e6 6. cxd5 Nxd5 7. Nc3 Be7 8. Nxd5 exd5 9. d4 0-0 10. dxc5 Bxc5 11. Ne1 d4 12. Nd3 Bb6 13. b4 a6 14. Rb1 Re8 15. Re1 Be6 16. a4 Bd5 17. Bxd5 Qxd5 18. b5 axb5 19. Rxb5 Qd8 20. Bd2 Re6 21. Qb3 Na7 22. Rd5 Qe7 23. a5 Bd8 24. Nf4 Ra6 25. Bb4 Qe8 26. Bd2 Nc6 27. Qxb7 Bxa5 28. Bxa5 Rxa5 29. Rc1 Ra1 30. Rdc5 Rxc1+ 31. Rxc1 Ne5 32. Qe4 Rd8 1/2-1/2

[Event "NOR-chT Club"]
[Site "Kristiansund"]
[Date "2017.10.22"]
[Round "5.5"]
[White "Elseth, Roar"]
[Black "Bentsen, Hakon"]
[Result "1-0"]
[WhiteElo "2322"]
[BlackElo "2071"]
[PlyCount "91"]
[EventDate "2017.10.20"]
[EventType "team-tourn"]
[EventRounds "6"]
[EventCountry "NOR"]
[SourceTitle "CBM 181 Extra"]
[Source "ChessBase"]
[SourceDate "2017.12.12"]
[SourceVersion "1"]
[SourceVersionDate "2017.12.12"]
[SourceQuality "1"]
[WhiteTeam "OSS"]
[BlackTeam "Molde"]
[WhiteTeamCountry "NOR"]
[BlackTeamCountry "NOR"]

1. Nf3 Nf6 2. c4 e6 3. g3 d5 4. d4 Be7 5. Bg2 0-0 6. 0-0 dxc4 7. Qa4 a6 8. Qxc4 b5 9. Qc2 Bb7 10. Bf4 Nc6 11. a3 Nxd4 12. Nxd4 Bxg2 13. Nxe6 fxe6 14. Kxg2 Nd5 15. Bd2 c5 16. Nc3 Nxc3 17. Bxc3 Bf6 18. Rad1 Qc7 19. Qe4 Rae8 20. Bxf6 Rxf6 21. Rd2 c4 22. f3 Rd8 23. Rfd1 Rxd2 24. Rxd2 a5 25. Qa8+ Rf8 26. Qa6 Qe5 27. Qxa5 Qe3 28. Qc3 Qxc3 29. bxc3 Ra8 30. Ra2 Kf7 31. Kf2 e5 32. Ke3 Ke6 33. Ke4 g5 34. e3 Ra7 35. h4 gxh4 36. gxh4 Ra8 37. h5 h6 38. f4 exf4 39. exf4 Kd6 40. Rg2 Kc5 41. f5 Rxa3 42. f6 Kd6 43. Rf2 Ra8 44. Kf5 b4 45. cxb4 c3 46. Re2 1-0

[Event "NOR-chT 1415"]
[Site "Norway"]
[Date "2015.01.09"]
[Round "4.3"]
[White "Elseth, Roar"]
[Black "Flaata, Alexander R"]
[Result "1-0"]
[WhiteElo "2321"]
[BlackElo "2096"]
[PlyCount "71"]
[EventDate "2014.10.31"]
[EventType "team-tourn"]
[EventRounds "11"]
[EventCountry "NOR"]
[SourceTitle "EXT 2016"]
[Source "ChessBase"]
[SourceDate "2015.10.08"]
[SourceVersion "1"]
[SourceVersionDate "2015.10.08"]
[SourceQuality "1"]
[WhiteTeam "Oslo SS"]
[BlackTeam "Black Knights"]
[WhiteTeamCountry "NOR"]
[BlackTeamCountry "NOR"]

1. Nf3 f5 2. c4 Nf6 3. Nc3 d6 4. d4 g6 5. g3 Bg7 6. Bg2 0-0 7. 0-0 c6 8. Qc2 Na6 9. b3 Bd7 10. Bb2 Qe8 11. Rfe1 d5 12. Ne5 Be6 13. Na4 Ne4 14. Nd3 b6 15. e3 Rc8 16. Rac1 g5 17. cxd5 cxd5 18. Qe2 Qb5 19. f3 Nd6 20. Ba3 Rfe8 21. Bf1 Nc4 22. Nc3 Qa5 23. bxc4 dxc4 24. Qb2 cxd3 25. Bxd3 f4 26. gxf4 gxf4 27. Kh1 fxe3 28. Rg1 Kh8 29. Rxg7 Kxg7 30. d5 Bf7 31. Rg1+ Bg6 32. Bxg6 hxg6 33. Qg2 Kf6 34. Qxg6+ Ke5 35. Qe4+ Kf6 36. Qe6# 1-0

[Event "NOR-chT 0910"]
[Site "Norway"]
[Date "2010.01.08"]
[Round "4"]
[White "Kirkebo, Carl Peter"]
[Black "Elseth, Roar"]
[Result "0-1"]
[WhiteElo "2161"]
[BlackElo "2324"]
[PlyCount "82"]
[EventDate "2009.11.06"]
[EventType "team"]
[EventRounds "9"]
[EventCountry "NOR"]
[SourceTitle "EXT 2011"]
[Source "ChessBase"]
[SourceDate "2010.11.26"]
[SourceVersion "1"]
[SourceVersionDate "2010.11.26"]
[SourceQuality "1"]
[WhiteTeam "Oslo Vest"]
[BlackTeam "Oslo SS"]
[WhiteTeamCountry "NOR"]
[BlackTeamCountry "NOR"]

1. e4 e5 2. Bc4 Nf6 3. d3 c6 4. Nf3 Be7 5. 0-0 d6 6. c3 0-0 7. Re1 Nbd7 8. Nbd2 b5 9. Bb3 Bb7 10. Nf1 Re8 11. Ng3 Bf8 12. d4 h6 13. a4 a6 14. h3 Qc7 15. Nh4 c5 16. d5 c4 17. Bc2 Nc5 18. axb5 axb5 19. Rxa8 Rxa8 20. Nhf5 Ra1 21. Qf3 Qd8 22. Rf1 Kh7 23. Qe3 g6 24. Nxh6 Rxc1 25. Qxc1 Bxh6 26. Qa1 Qb6 27. Qb1 b4 28. cxb4 Qxb4 29. Qa2 Qd2 30. Bb1 Ba6 31. Qa3 Bf4 32. Qc3 Qxc3 33. bxc3 Kg7 34. Bc2 Bxg3 35. fxg3 Nfxe4 36. Bxe4 Nxe4 37. Ra1 Bb7 38. g4 g5 39. Kf1 Nxc3 40. Kf2 Bxd5 41. Ra6 Be6 0-1

[Event "Internet Section 18-A"]
[Site "Dos Hermanas"]
[Date "2003.03.18"]
[Round "4"]
[White "Gausel, Einar"]
[Black "Elseth, Roar"]
[Result "1-0"]
[WhiteElo "2533"]
[BlackElo "2349"]
[PlyCount "129"]
[EventDate "2003.03.18"]
[EventType "swiss (blitz)"]
[EventRounds "9"]
[EventCountry "ESP"]
[SourceTitle "EXT 2004"]
[Source "ChessBase"]
[SourceDate "2003.11.25"]
[SourceVersion "1"]
[SourceVersionDate "2003.11.25"]
[SourceQuality "1"]

1. d4 Nf6 2. Nf3 e6 3. c4 b6 4. e3 Bb7 5. Bd3 Bb4+ 6. Nbd2 0-0 7. 0-0 d5 8. b3 Nbd7 9. Bb2 Ne4 10. Rc1 Ndf6 11. a3 Nxd2 12. Nxd2 Be7 13. cxd5 exd5 14. Qf3 Qd7 15. Bf5 Qd6 16. Rc2 g6 17. Bd3 Rac8 18. Rfc1 c5 19. h3 Rc7 20. Qd1 Rfc8 21. Nf3 Nd7 22. Qe2 Bf6 23. Bb5 Nf8 24. Ba6 Nd7 25. a4 Kg7 26. Bb5 Nf8 27. Ba6 Ne6 28. Bxb7 Rxb7 29. dxc5 bxc5 30. Bxf6+ Kxf6 31. e4 dxe4 32. Nd2 Kg7 33. Nxe4 Qe5 34. Qe3 Qd4 35. Qf3 Rcb8 36. Rc3 Rc7 37. Rd1 Qe5 38. Qe3 Rcb7 39. Re1 Rb4 40. Nxc5 Qxe3 41. Rexe3 Nxc5 42. Rxc5 Rxb3 43. Rxb3 Rxb3 44. Rc7 Rb1+ 45. Kh2 Rb2 46. f3 h5 47. Rxa7 h4 48. Rc7 Ra2 49. Rc4 g5 50. f4 f6 51. fxg5 fxg5 52. Rg4 Kf6 53. Kg1 Kf5 54. Kf1 Kf6 55. Ke1 Kf5 56. Kd1 Kf6 57. Kc1 Kf5 58. Kb1 Re2 59. a5 Re5 60. Ra4 Re1+ 61. Kc2 Re2+ 62. Kd3 Rxg2 63. a6 Rg3+ 64. Ke2 Rc3 65. a7 1-0

[Event "Internet Section 17-A"]
[Site "Dos Hermanas"]
[Date "2003.03.17"]
[Round "8"]
[White "Elseth, Roar"]
[Black "Szmetan, Ricardo"]
[Result "1/2-1/2"]
[WhiteElo "2349"]
[BlackElo "2288"]
[PlyCount "67"]
[EventDate "2003.03.17"]
[EventType "swiss (blitz)"]
[EventRounds "9"]
[EventCountry "ESP"]
[SourceTitle "EXT 2004"]
[Source "ChessBase"]
[SourceDate "2003.11.25"]
[SourceVersion "1"]
[SourceVersionDate "2003.11.25"]
[SourceQuality "1"]

1. e4 g6 2. d4 c6 3. Nc3 d5 4. e5 h5 5. Bd3 Nh6 6. Nge2 Bf5 7. 0-0 Bxd3 8. Qxd3 e6 9. Nd1 Nf5 10. Ne3 Bh6 11. Nxf5 gxf5 12. Bxh6 Rxh6 13. Qg3 Rg6 14. Qf3 Qg5 15. Nf4 Rh6 16. g3 h4 17. a4 Nd7 18. a5 0-0-0 19. Rfe1 Rdh8 20. Re2 Nf8 21. c4 Ng6 22. Nxg6 Rxg6 23. cxd5 exd5 24. a6 b6 25. Rc2 Kd7 26. Rac1 Qg4 27. Rxc6 Qxf3 28. Rc7+ Kd8 29. Rc8+ Kd7 30. R1c7+ Ke6 31. Rc6+ Kd7 32. R6c7+ Ke6 33. Rc6+ Kd7 34. R6c7+ 1/2-1/2

[Event "Internet Section 16-A"]
[Site "Dos Hermanas"]
[Date "2003.03.16"]
[Round "8"]
[White "Elseth, Roar"]
[Black "Danek, Pavol"]
[Result "1-0"]
[WhiteElo "2349"]
[BlackElo "2234"]
[PlyCount "67"]
[EventDate "2003.03.16"]
[EventType "swiss (blitz)"]
[EventRounds "9"]
[EventCountry "ESP"]
[SourceTitle "EXT 2004"]
[Source "ChessBase"]
[SourceDate "2003.11.25"]
[SourceVersion "1"]
[SourceVersionDate "2003.11.25"]
[SourceQuality "1"]

1. e4 d6 2. d4 e5 3. Nf3 Nc6 4. Bb5 exd4 5. Nxd4 Bd7 6. 0-0 Be7 7. Be3 Nf6 8. Nc3 0-0 9. f3 Nxd4 10. Qxd4 Bxb5 11. Nxb5 Nd7 12. c4 Bf6 13. Qd2 Nb6 14. Rac1 Re8 15. Rfd1 Nd7 16. b3 Ne5 17. c5 a6 18. Nd4 dxc5 19. Rxc5 c6 20. Qe2 Qc7 21. Nf5 Rad8 22. Rcc1 Rxd1+ 23. Rxd1 Rd8 24. f4 Ng6 25. e5 Rxd1+ 26. Qxd1 Nxe5 27. fxe5 Qxe5 28. Qd3 Qa1+ 29. Kf2 Qxa2+ 30. Kf3 g6 31. Nh6+ Kg7 32. Ng4 Qa5 33. Bh6+ Kh8 34. Nxf6 1-0

[Event "Internet Section 16-A"]
[Site "Dos Hermanas"]
[Date "2003.03.16"]
[Round "6"]
[White "Elseth, Roar"]
[Black "Nyback, Tomi"]
[Result "1/2-1/2"]
[WhiteElo "2349"]
[BlackElo "2458"]
[PlyCount "184"]
[EventDate "2003.03.16"]
[EventType "swiss (blitz)"]
[EventRounds "9"]
[EventCountry "ESP"]
[SourceTitle "EXT 2004"]
[Source "ChessBase"]
[SourceDate "2003.11.25"]
[SourceVersion "1"]
[SourceVersionDate "2003.11.25"]
[SourceQuality "1"]

1. e4 g6 2. d4 Bg7 3. Nc3 d6 4. Nf3 a6 5. h3 b5 6. Bd3 Bb7 7. Ne2 Nf6 8. Ng3 h5 9. Bg5 Nc6 10. c3 e5 11. a4 h4 12. Bxh4 exd4 13. axb5 axb5 14. Bxb5 dxc3 15. bxc3 0-0 16. 0-0 Qb8 17. Rb1 Qa7 18. Re1 Qc5 19. Bxc6 Bxc6 20. Qd4 Nxe4 21. Nxe4 Bxd4 22. Nxc5 Bxc5 23. Re7 Bxf3 24. gxf3 Bb6 25. Rb2 Rfe8 26. Kg2 Kg7 27. Bg5 Rxe7 28. Bxe7 Bc5 29. Bg5 Ra3 30. Rc2 f6 31. Be3 Ra5 32. f4 Kf7 33. Kf3 Ke6 34. Ke4 f5+ 35. Kf3 Kd5 36. c4+ Kc6 37. Rc1 Ra4 38. Rg1 Rxc4 39. Rxg6 Kb5 40. h4 d5 41. h5 d4 42. Bd2 d3 43. h6 Bd4 44. Rg1 Rc2 45. Rd1 c5 46. Be3 Bxe3 47. Kxe3 c4 48. h7 Re2+ 49. Kd4 Re8 50. Rb1+ Kc6 51. Kxc4 Rh8 52. Kxd3 Rxh7 53. Kd4 Re7 54. f3 Re2 55. Rb8 Kd6 56. Rf8 Rd2+ 57. Ke3 Rd5 58. Rd8+ Kc5 59. Re8 Kd6 60. Kf2 Kd7 61. Re5 Kd6 62. Re8 Ra5 63. Kg3 Ra1 64. Re5 Rg1+ 65. Kf2 Rg6 66. Rxf5 Ke6 67. Rf8 Rh6 68. Ke3 Rh7 69. Ke4 Ra7 70. Rd8 Ra4+ 71. Rd4 Ra5 72. f5+ Kf6 73. Rd6+ Kg5 74. Rg6+ Kh5 75. Rg2 Kh6 76. f6 Ra6 77. Ke5 Ra5+ 78. Ke4 Ra6 79. Ke5 Ra5+ 80. Kd6 Ra6+ 81. Ke7 Ra7+ 82. Ke6 Ra6+ 83. Kf5 Ra5+ 84. Ke4 Ra4+ 85. Ke3 Ra6 86. f7 Rf6 87. f4 Rxf7 88. Ke4 Ra7 89. f5 Ra4+ 90. Ke5 Ra5+ 91. Kf4 Ra4+ 92. Ke5 Ra5+ 1/2-1/2

[Event "NOR-chT east 0203"]
[Site "Norway"]
[Date "2002.11.09"]
[Round "1"]
[White "Glenne, Bjorn Erik"]
[Black "Elseth, Roar"]
[Result "1/2-1/2"]
[WhiteElo "2221"]
[BlackElo "2349"]
[PlyCount "55"]
[EventDate "2002.11.09"]
[EventType "team-swiss"]
[EventRounds "9"]
[EventCountry "NOR"]
[SourceTitle "EXT 2009"]
[Source "ChessBase"]
[SourceDate "2008.11.26"]
[SourceVersion "1"]
[SourceVersionDate "2008.11.26"]
[SourceQuality "1"]

1. d4 Nf6 2. c4 e6 3. Nc3 Bb4 4. f3 d5 5. Bg5 h6 6. Bxf6 Qxf6 7. a3 Bxc3+ 8. bxc3 0-0 9. e3 Rd8 10. f4 c5 11. Nf3 Nc6 12. Bd3 cxd4 13. cxd4 dxc4 14. Bxc4 b6 15. 0-0 Bb7 16. Qd3 Rac8 17. Rac1 Na5 18. Ba2 Rxc1 19. Rxc1 Rc8 20. Rxc8+ Bxc8 21. Ne5 Bb7 22. Bb1 g6 23. Qb5 Qd8 24. h4 a6 25. Qa4 b5 26. Qc2 Qxh4 27. Qc7 Qe1+ 28. Kh2 1/2-1/2

[Event "NOR-chT qualifier"]
[Site "Norway"]
[Date "2002.??.??"]
[Round "9"]
[White "Lahlum, Hans Olav"]
[Black "Elseth, Roar"]
[Result "1-0"]
[WhiteElo "2225"]
[BlackElo "2363"]
[PlyCount "35"]
[EventDate "2001.11.??"]
[EventType "team"]
[EventRounds "9"]
[EventCountry "NOR"]
[SourceTitle "EXT 2003"]
[Source "ChessBase"]
[SourceDate "2002.11.25"]
[SourceVersion "1"]
[SourceVersionDate "2002.11.25"]
[SourceQuality "1"]

1. d4 Nf6 2. c4 e6 3. Nc3 Bb4 4. Qc2 0-0 5. a3 Bxc3+ 6. Qxc3 b6 7. Bg5 Bb7 8. Nf3 d6 9. Nd2 Nbd7 10. f3 c5 11. e4 Re8 12. Bd3 Qc7 13. 0-0 d5 14. cxd5 exd5 15. e5 h6 16. Bxf6 gxf6 17. f4 Qd8 18. Bf5 1-0